00494nam a22001457a 4500003000500000038001800005082000800023100001800031245012100049264003300170300002500203650002800228700003500256856005700291NUST aNusrat Nadeem a200 aImran, Ayesha aClassroom Management as an Outcome of Sense of Efficacy in School Teachers, Burnout & School Climate/cAyesha Imran, aIslamabad;bS3H NUST;c2024. a136,p;bill;c30,cm. aMS-Behavioral Sciences  aSupervisor: Dr. Tamkeen Ashraf uhttp://10.250.8.41:8080/xmlui/handle/123456789/45440